| 000 | 00460nam a2200193Ia 4500 | ||
|---|---|---|---|
| 003 | 0100 | ||
| 008 | 130303s9999 xx 000 0 und d | ||
| 040 | _cARRUPELIB | ||
| 050 | _aB3305.M7R64 1965 | ||
| 100 | _aRotenstreich, Nathan | ||
| 245 | _aBasic problems of Marx's philosophy | ||
| 260 | _aIndianapolis | ||
| 260 | _bThe Bobbs-Merrill Co., Inc. | ||
| 260 | _C1965 | ||
| 300 | _a168p. | ||
| 300 | _b 21 cm | ||
| 650 | _aPHILOSOPHY | ||
| 942 | 0 | 0 | _01 |
| 999 |
_c39269 _d39269 |
||